• 首页
  • 本馆介绍
  • 公告通知
  • 最新文献
  • 馆藏检索
  • 电子资源
  • 读者导购
  • 参考咨询
  • 我的图书馆
  • 登录
  • 详细信息显示
  • 放入我的书架
  • 预约/预借图书
  • 作者相关作品
  • 分类相关作品
  • 丛书相关作品
  • 出版社相关作品

书目信息

  • 表格格式
  • 工作单格式
  • 卡片格式
题名:
三十至七十年代的托洛茨基主义
    
 
作者: 巴斯马诺夫 著 ;苗为振 译
分册:  
出版信息: 北京   人民出版社  1983
页数: 268页
开本: 19cm
丛书名:
单 册:
中图分类: D169 , D181.7
科图分类:
主题词: 托洛茨主义--研究--苏联--1930~1970 , 国际共产主义运动
电子资源:
ISBN:
000 00791nam0 2200265 45
001 0183005574
005 20060818164041.98
010    @dCNY0.93
091    @a3001.1862
100    @a19950227d1983 emky0chiy0121 ea
101 1  @achi
102    @aCN@b110000
105    @ay z 000yy
200 10 @a三十至七十年代的托洛茨基主义@Asan shi zhi qi shi nian dai de tuo luo ci ji zhu yi@f(苏)巴斯马诺夫著@g苗为振等译
210    @a北京@c人民出版社@d1983
215    @a268页@d19cm
606    @a托洛茨主义@x研究@y苏联@z1930~1970
606 0  @a国际共产主义运动
690    @aD169@v3
690    @aD181.7
701  1 @a巴斯马诺夫@Aba si ma nuo fu@4著
702  0 @a苗为振@Amiao wei zhen@4译
801  0 @aCN@b上海图书馆@c20060818
801  2 @aCN@bNLC@c20060720
905    @f2@b172729-730@dD181.7@e6
    
    三十至七十年代的托洛茨基主义/(苏)巴斯马诺夫著/苗为振等译.-北京:人民出版社,1983
    268页;19cm
    
    
    ISBN :CNY0.93
    
●
相关链接 在E读中查询图书 在五车中查询图书 在当当中查询图书 在豆瓣中查询图书


正题名:三十至七十年代的托洛茨基主义     索取号:D181.7/6         预约/预借

序号 登录号 条形码 馆藏地/架位号 状态 备注
1 0172729   001011292   密集书库/ [索取号:D181.7/6] 在馆    
2 0172730   001011283   第一借阅区/ [索取号:D181.7/6] 在馆    
3 0172731   001011309   第一样本阅览室/ [索取号:D181.7/6] 在馆    
4 0424734   204247341   密集书库/ [索取号:D181.7/6] 在馆    
5 0469222   204692225   密集书库/ [索取号:D181.7/6] 在馆    
唐山师范学院图书馆 欢迎您!
大连网信软件有限公司© 版权所有